Grassroots - 311 - Statistics

General Stats
  • This quiz has been taken 2 times
  • The average score is 2 of 14
Answer Stats
Answer % Correct
4 8:16 a.m.
100%
1 Homebrew
50%
5 Omaha Stylee
50%
14 1,2,3
0%
6 Applied Science
0%
9 Grassroots
0%
11 Lose
0%
2 Lucky
0%
3 Nutsymtom
0%
13 Offbeat Bare Ass
0%
10 Salsa
0%
8 Silver
0%
12 Six
0%
7 Taiyed
0%
No matching quizzes found
Score Distribution
Percent of People with Each Score
Percentile by Number Answered
Your Score History
You have not taken this quiz